<?xml version="1.0" encoding="UTF-8"?>
<record
    xmlns:xsi="http://www.w3.org/2001/XMLSchema-instance"
    xsi:schemaLocation="http://www.loc.gov/MARC21/slim http://www.loc.gov/standards/marcxml/schema/MARC21slim.xsd"
    xmlns="http://www.loc.gov/MARC21/slim">

  <leader>00297nam a2200133Ia 4500</leader>
  <controlfield tag="008">191201s2014    xx            000 0 und d</controlfield>
  <datafield tag="100" ind1=" " ind2=" ">
    <subfield code="a">KHANNA, S K</subfield>
  </datafield>
  <datafield tag="245" ind1=" " ind2="0">
    <subfield code="a">Highway Engineering</subfield>
  </datafield>
  <datafield tag="250" ind1=" " ind2=" ">
    <subfield code="a">10th</subfield>
  </datafield>
  <datafield tag="260" ind1=" " ind2=" ">
    <subfield code="c">2014</subfield>
    <subfield code="b">Nem Chand</subfield>
    <subfield code="a">Roorki</subfield>
  </datafield>
  <datafield tag="300" ind1=" " ind2=" ">
    <subfield code="a">773</subfield>
  </datafield>
  <datafield tag="650" ind1=" " ind2=" ">
    <subfield code="a">CIVIL</subfield>
  </datafield>
  <datafield tag="942" ind1=" " ind2=" ">
    <subfield code="2">ddc</subfield>
    <subfield code="c">BB</subfield>
  </datafield>
  <datafield tag="999" ind1=" " ind2=" ">
    <subfield code="c">7665</subfield>
    <subfield code="d">7665</subfield>
  </datafield>
  <datafield tag="952" ind1=" " ind2=" ">
    <subfield code="0">0</subfield>
    <subfield code="1">0</subfield>
    <subfield code="2">ddc</subfield>
    <subfield code="4">0</subfield>
    <subfield code="7">0</subfield>
    <subfield code="8">BTECHCE</subfield>
    <subfield code="a">PIET</subfield>
    <subfield code="b">PIET</subfield>
    <subfield code="d">2015-09-03</subfield>
    <subfield code="e">KIRTI PRAKASHAN, NEW DELHI</subfield>
    <subfield code="g">250.00</subfield>
    <subfield code="k">IN2817</subfield>
    <subfield code="l">0</subfield>
    <subfield code="p">BB11371</subfield>
    <subfield code="r">2019-12-04 00:00:00</subfield>
    <subfield code="v">207.50</subfield>
    <subfield code="w">2015-09-02</subfield>
    <subfield code="y">BB</subfield>
  </datafield>
  <datafield tag="952" ind1=" " ind2=" ">
    <subfield code="0">0</subfield>
    <subfield code="1">0</subfield>
    <subfield code="2">ddc</subfield>
    <subfield code="4">0</subfield>
    <subfield code="7">0</subfield>
    <subfield code="8">BTECHCE</subfield>
    <subfield code="a">PIET</subfield>
    <subfield code="b">PIET</subfield>
    <subfield code="d">2015-09-03</subfield>
    <subfield code="e">KIRTI PRAKASHAN, NEW DELHI</subfield>
    <subfield code="g">250.00</subfield>
    <subfield code="k">IN2817</subfield>
    <subfield code="l">0</subfield>
    <subfield code="p">BB11372</subfield>
    <subfield code="r">2019-12-04 00:00:00</subfield>
    <subfield code="v">207.50</subfield>
    <subfield code="w">2015-09-02</subfield>
    <subfield code="y">BB</subfield>
  </datafield>
  <datafield tag="952" ind1=" " ind2=" ">
    <subfield code="0">0</subfield>
    <subfield code="1">0</subfield>
    <subfield code="2">ddc</subfield>
    <subfield code="4">0</subfield>
    <subfield code="7">0</subfield>
    <subfield code="8">BTECHCE</subfield>
    <subfield code="a">PIET</subfield>
    <subfield code="b">PIET</subfield>
    <subfield code="d">2015-09-03</subfield>
    <subfield code="e">KIRTI PRAKASHAN, NEW DELHI</subfield>
    <subfield code="g">250.00</subfield>
    <subfield code="k">IN2817</subfield>
    <subfield code="l">0</subfield>
    <subfield code="p">BB11373</subfield>
    <subfield code="r">2019-12-04 00:00:00</subfield>
    <subfield code="v">207.50</subfield>
    <subfield code="w">2015-09-02</subfield>
    <subfield code="y">BB</subfield>
  </datafield>
  <datafield tag="952" ind1=" " ind2=" ">
    <subfield code="0">0</subfield>
    <subfield code="1">0</subfield>
    <subfield code="2">ddc</subfield>
    <subfield code="4">0</subfield>
    <subfield code="7">0</subfield>
    <subfield code="8">BTECHCE</subfield>
    <subfield code="a">PIET</subfield>
    <subfield code="b">PIET</subfield>
    <subfield code="d">2015-09-03</subfield>
    <subfield code="e">KIRTI PRAKASHAN, NEW DELHI</subfield>
    <subfield code="g">250.00</subfield>
    <subfield code="k">IN2817</subfield>
    <subfield code="l">0</subfield>
    <subfield code="p">BB11374</subfield>
    <subfield code="r">2019-12-04 00:00:00</subfield>
    <subfield code="v">207.50</subfield>
    <subfield code="w">2015-09-02</subfield>
    <subfield code="y">BB</subfield>
  </datafield>
  <datafield tag="952" ind1=" " ind2=" ">
    <subfield code="0">0</subfield>
    <subfield code="1">0</subfield>
    <subfield code="2">ddc</subfield>
    <subfield code="4">0</subfield>
    <subfield code="7">0</subfield>
    <subfield code="8">BTECHCE</subfield>
    <subfield code="a">PIET</subfield>
    <subfield code="b">PIET</subfield>
    <subfield code="d">2015-09-03</subfield>
    <subfield code="e">KIRTI PRAKASHAN, NEW DELHI</subfield>
    <subfield code="g">250.00</subfield>
    <subfield code="k">IN2817</subfield>
    <subfield code="l">0</subfield>
    <subfield code="p">BB11375</subfield>
    <subfield code="r">2019-12-04 00:00:00</subfield>
    <subfield code="v">207.50</subfield>
    <subfield code="w">2015-09-02</subfield>
    <subfield code="y">BB</subfield>
  </datafield>
</record>
